Statistics for Spanish Vocabulary Words That Start With C

Click here to take the quiz!

General Stats

  • This quiz has been taken 4,105 times
  • The average score is 58 of 101

Answer Stats

English español % Correct
coffeecafé.
95%
to eatcomer
90%
streetcalle
89%
hotcaliente
88%
headcabeza
88%
meatcarne
87%
horsecaballo
86%
beercerveza
85%
to walkcaminar
84%
to buycomprar
83%
shirtcamisa
83%
kitchencocina
82%
to changecambiar
82%
dinnercena
82%
cityciudad
81%
foodcomida
81%
expensivecaro
80%
tiredcansado
80%
heartcorazón
79%
facecara
78%
fourteencatorce
78%
nearcerca
78%
whencuando
78%
centercentro
77%
to fallcaer
76%
to countcontar
74%
to believecreer
74%
closedcerrado
73%
catholiccatólico
68%
birthdaycumpleaños
68%
thingcosa
68%
creditcrédito
67%
lettercarta
67%
scienceciencia
66%
to cutcortar
65%
concertconcierto
65%
castlecastillo
65%
songcanción
65%
culturecultura
64%
onioncebolla
63%
cablecable
62%
marriedcasado
62%
bodycuerpo
62%
almostcasi
62%
boxcaja
62%
every timecada vez
60%
knifecuchillo
60%
beltcinturón
59%
comfortablecómodo
59%
braincerebro
58%
qualitycalidad
58%
cameracámara
58%
poopcaca
57%
rabbitconejo
57%
porkcerdo
56%
to startcomenzar
56%
gentlemancaballero
55%
fieldcampo
54%
spooncuchara
54%
to buildconstruir
54%
shampoochampú
53%
heavencielo
52%
to heat upcalentar
51%
channelcanal
51%
tiecorbata
51%
pathcamino
51%
appointmentcita
50%
to punishcastigar
49%
singercantante
47%
shrimpcamaron
47%
cherrycereza
46%
driverconductor
46%
championcampeón
45%
to sharecompartir
45%
jealousceloso
45%
to huntcazar
42%
jailcárcel
42%
adviceconsejo
41%
jokechiste
40%
chewing gumchicle
40%
accountcuenta
40%
cockroachcucaracha
40%
careercarrera
40%
neckcuello
38%
circuscirco
37%
chaincadena
37%
crimecrimen
37%
customercliente
36%
waistcintura
34%
camelcamello
33%
crocodilecocodrilo
33%
pumpkincalabaza
31%
rawcrudo
29%
to correctcorregir
28%
passwordcontraseña
26%
chimneychimenea
25%
coppercobre
23%
cemeterycementerio
21%
mattresscolchón
20%
sweet shopconfitería
12%
padlockcandado
9%

Score Distribution

Percentile by Number Answered

Percent of People with Each Score

Your Score History

You have not taken this quiz